Kỹ năng để cân bằng giữa công việc và cuộc sống = Leading the life you want: skills for integrating work and life
Những minh chứng về những tấm gương cho sự hòa hợp công việc với phần còn lại của cuộc sống, và cách áp dụng những bài học đó vào tình huống của chính mình nhằm thúc đẩy phát triển những kỹ năng để thành công hơn trong công việc cũn...
保存先:
| 第一著者: | |
|---|---|
| フォーマット: | 図書 |
| 言語: | Undetermined |
| 出版事項: |
Hà Nội
Hồng Đức
2018
|
| 主題: | |
| タグ: |
タグ追加
タグなし, このレコードへの初めてのタグを付けませんか!
|
| Thư viện lưu trữ: | Trung tâm Học liệu Trường Đại học Cần Thơ |
|---|
| LEADER | 01135nam a2200217Ia 4500 | ||
|---|---|---|---|
| 001 | CTU_238692 | ||
| 008 | 210402s9999 xx 000 0 und d | ||
| 020 | |c 162000 | ||
| 082 | |a 650.1 | ||
| 082 | |b F911 | ||
| 100 | |a Friedman, Stewart D. | ||
| 245 | 0 | |a Kỹ năng để cân bằng giữa công việc và cuộc sống = | |
| 245 | 0 | |b Leading the life you want: skills for integrating work and life | |
| 245 | 0 | |c Stewart D. Friedman ; Phúc Chi (dịch) | |
| 260 | |a Hà Nội | ||
| 260 | |b Hồng Đức | ||
| 260 | |c 2018 | ||
| 520 | |a Những minh chứng về những tấm gương cho sự hòa hợp công việc với phần còn lại của cuộc sống, và cách áp dụng những bài học đó vào tình huống của chính mình nhằm thúc đẩy phát triển những kỹ năng để thành công hơn trong công việc cũng như trong cuộc sống | ||
| 650 | |a Work-life balance,Cân bằng cuộc sống công việc | ||
| 904 | |i Hải | ||
| 980 | |a Trung tâm Học liệu Trường Đại học Cần Thơ | ||